| 000 | 00000cam 2200000zi 4500 |
| 001 | 9.958211 |
| 003 | CaOODSP |
| 005 | 20251211163805 |
| 006 | m o d f |
| 007 | cr bn||||||||| |
| 008 | 251211e19790319onc o f000 0 eng d |
| 040 | |aCaOODSP|beng|erda|cCaOODSP |
| 043 | |an-cn--- |
| 086 | 1 |aEn58-27/5-79E-PDF |
| 245 | 04|aThe highest and lowest temperatures officially recorded in the provinces of Canada (°C). |
| 250 | |aRevised March 19, 1979. |
| 264 | 1|a[Downsview, Ontario] : |b[Atmospheric Environment Service], |cMarch 19, 1979. |
| 300 | |a1 online resource (1 unnumbered page). |
| 336 | |atext|btxt|2rdacontent |
| 337 | |acomputer|bc|2rdamedia |
| 338 | |aonline resource|bcr|2rdacarrier |
| 490 | 1 |aCDS ; |v#5-79 |
| 500 | |aDigitized edition from print [produced by Environment and Climate Change Canada]. |
| 650 | 0|aAtmospheric temperature|zCanada|vObservations. |
| 650 | 0|aClimatic extremes|zCanada|vObservations. |
| 650 | 6|aTempérature atmosphérique|zCanada|vObservations. |
| 650 | 6|aExtrêmes (Météorologie)|zCanada|vObservations. |
| 710 | 1 |aCanada. |bAtmospheric Environment Service, |eissuing body. |
| 830 | #0|aCDS ;|vno. 5-79.|w(CaOODSP)9.932874 |
| 856 | 40|qPDF|s224 KB|uhttps://publications.gc.ca/collections/collection_2025/eccc/en58/En58-27-5-79-eng.pdf |